Statistics for 5 Largest Cities In The World (D-E-F)

Click here to take the quiz!

General Stats

  • This quiz has been taken 30 times
    (16 since last reset)
  • The average score is 8 of 15

Answer Stats

CountryPopulationCity% Correct
Bangladesh10,356,500Dhaka
100%
India10,927,986Delhi
94%
South Africa3,120,282Durban
88%
Canada712,391Edmonton
88%
Pakistan2,506,595Faisalabad
81%
Brazil2,400,000Fortaleza
69%
Iraq932,800Erbil
50%
United States681,124El Paso
50%
China4,087,733Dalian
44%
China7,740,000Fuzhou
44%
China8,000,000Dongguan
31%
Mexico1,655,015Ecatepec de Morelos
31%
China3,600,000Foshan
19%
Nigeria688,862Enugu
13%
China1,400,646Fushun
6%

Score Distribution

Percentile by Number Answered

Percent of People with Each Score

Your Score History

You have not taken this quiz since the last reset